[Event "POL-chT DMP 2 liga B1 email"]
[Site "POL email"]
[Date "2005.??.??"]
[Round "?"]
[White "Walczak, Andrzej"]
[Black "Wozniak, Krzysztof"]
[Result "1/2-1/2"]
[WhiteElo "2360"]
[BlackElo "2080"]
[PlyCount "69"]
[EventDate "2005.??.??"]
[EventType "tourn (corr)"]
[EventRounds "11"]
[EventCountry "POL"]
[SourceTitle "Corr 2008"]
[Source "ChessBase"]
[SourceDate "2008.06.24"]
[SourceVersion "1"]
[SourceVersionDate "2008.06.24"]
[SourceQuality "1"]

1. c4 Nf6 2. Nc3 e5 3. Nf3 Nc6 4. d4 exd4 5. Nxd4 Bb4 6. Nxc6 bxc6 7. g3 Qe7 8. Bg2 Ba6 9. 0-0 Bxc4 10. Qd4 Be6 11. Bg5 Bc5 12. Qa4 Rb8 13. b3 h6 14. Bxf6 Qxf6 15. Ne4 Qe5 16. Nxc5 Qxc5 17. Rac1 Qb6 18. Qa3 a5 19. Rfd1 Qb4 20. Qb2 0-0 21. Rd4 Qe7 22. Ra4 Rb5 23. e3 Rfb8 24. Bf1 Rg5 25. Qc3 Rb4 26. f4 Rxa4 27. bxa4 Rg6 28. e4 f5 29. Qxa5 Bd5 30. e5 Qa3 31. Rc3 Qb2 32. Rd3 h5 33. Rxd5 cxd5 34. Qxd5+ Kh7 35. Qxd7 1/2-1/2